[Event "23rd European Women Club Cup 2018"]
[Site "Halkidiki"]
[Date "2018.10.12"]
[Round "1"]
[White "Paehtz, Elisabeth"]
[Black "Ovod, Evgenija"]
[Result "1/2-1/2"]
[WhiteElo "2513"]
[BlackElo "2363"]
[Annotator "ChessBase"]
[PlyCount "75"]
[EventDate "2018.10.12"]
[EventType "team-tourn"]
[EventCountry "GRE"]
[SourceTitle "playchess.com"]
[Source "ChessBase"]
[SourceQuality "1"]
[WhiteTeam "Pentole Agnelli"]
[BlackTeam "SSHOR"]
[TimeControl "40/5400+30:1800+30"]

1. c4 {[%emt 0:00:00]} e6 {[%emt 0:00:00]} 2. Nf3 {[%emt 0:00:00]} d5 {[%emt 0:00:00]} 3. d4 {[%emt 0:00:08]} Nf6 {[%emt 0:00:00]} 4. g3 {[%emt 0:00:08]} Bb4+ {[%emt 0:00:21]} 5. Nc3 {[%emt 0:00:38]} O-O {[%emt 0:01:26]} 6. Bg2 {[%emt 0:01:20]} c5 {[%emt 0:02:11]} 7. dxc5 {[%emt 0:09:34]} Nc6 {[%emt 0:02:18]} 8. O-O {[%emt 0:01:21]} dxc4 {[%emt 0:03:35]} 9. Qc2 {[%emt 0:07:22]} Bxc5 {[%emt 0:05:36]} 10. Na4 {[%emt 0:00:10]} Bd6 {[%emt 0:02:18]} 11. Qxc4 {[%emt 0:02:21]} e5 {[%emt 0:03:10]} 12. Nc3 {[%emt 0:05:25]} Be6 {[%emt 0:03:10]} 13. Qh4 {[%emt 0:00:53]} h6 {[%emt 0:02:24]} 14. Rd1 {[%emt 0:00:21]} Qe7 {[%emt 0:07:12]} 15. Bxh6 {[%emt 0:08:35]} gxh6 {[%emt 0:00:08]} 16. Rxd6 {[%emt 0:00:09]} Qxd6 {[%emt 0:00:03]} 17. Qxf6 {[%emt 0:00:05]} Rfd8 {[%emt 0:00:29]} 18. Qxh6 {[%emt 0:08:44]} Bf5 {[%emt 0:02:13]} 19. Qg5+ {[%emt 0:00:59]} Qg6 {[%emt 0:01:09]} 20. Qe3 {[%emt 0:00:05]} Qg7 {[%emt 0:09:27]} 21. Rc1 {[%emt 0:08:11]} Rd7 {[%emt 0:05:21]} 22. h3 {[%emt 0:04:42]} Rad8 {[%emt 0:05:41]} 23. g4 {[%emt 0:00:13]} Be6 {[%emt 0:01:59]} 24. Ng5 {[%emt 0:02:15]} Nd4 {[%emt 0:01:26]} 25. Nge4 {[%emt 0:08:12]} f5 {[%emt 0:06:36]} 26. Nc5 {[%emt 0:00:10]} f4 {[%emt 0:01:05]} 27. Qe4 {[%emt 0:01:07]} Rc7 {[%emt 0:06:08]} 28. Nd3 {[%emt 0:05:18]} Bc4 {[%emt 0:00:13]} 29. Rd1 {[%emt 0:02:54]} Bxd3 {[%emt 0:16:10]} 30. Rxd3 {[%emt 0:00:07]} Rcd7 {[%emt 0:00:17]} 31. Kh1 {[%emt 0:02:42]} Qf6 {[%emt 0:00:50]} 32. e3 {[%emt 0:02:58]} fxe3 {[%emt 0:02:14]} 33. fxe3 {[%emt 0:02:18]} Nc6 {[%emt 0:02:21]} 34. Nd5 {[%emt 0:01:09]} Qg5 {[%emt 0:00:58]} 35. Qc4 {[%emt 0:06:30]} Kh8 {[%emt 0:01:33]} 36. Rd1 {[%emt 0:02:04]} Ne7 {[%emt 0:00:59]} 37. e4 {[%emt 0:00:03]} Ng6 {[%emt 0:03:01]} 38. Rf1 {[%emt 0:00:39]} 1/2-1/2

[Event "23rd European Women Club Cup 2018"]
[Site "Halkidiki"]
[Date "2018.10.12"]
[Round "1"]
[White "Dzagnidze, Nana"]
[Black "Shvayger, Yuliya"]
[Result "1-0"]
[WhiteElo "2509"]
[BlackElo "2375"]
[Annotator "TA"]
[PlyCount "69"]
[EventDate "2018.10.12"]
[EventType "team-tourn"]
[EventCountry "GRE"]
[SourceTitle "playchess.com"]
[Source "ChessBase"]
[SourceQuality "1"]
[WhiteTeam "Nona"]
[BlackTeam "Beer Sheva"]

{[%evp 20,69,27,25,26,16,14,10,31,31,27,31,30,28,26,26,103,118,110,120,122,128,110,108,215,207,265,248,310,326,327,317,308,296,371,149,137,147,352,206,434,428,378,312,1546,365,357,346,29985,29986,29986,29987]} 1. Nf3 Nf6 2. c4 g6 3. b3 Bg7 4. Bb2 O-O 5. g3 b6 6. Bg2 Bb7 7. d4 e6 8. O-O d6 9. Nc3 Ne4 {A15: English Opening: 1...Nf6} 10. Qc2 Nxc3 11. Bxc3 {LiveBook: 6 Games} f5 {White has an edge.} 12. Ne1 {[%cal Bf3e1,Be1g2,Bg2f4,Bf4e6][%mdl 32]} Bxg2 13. Nxg2 c5 $146 ({Predecessor:} 13... e5 14. Rad1 exd4 15. Bxd4 Bxd4 16. Rxd4 Nc6 17. Rdd1 {½-½ (30) Alvarado Diaz,A (2408)-Fernandez Romero,E (2488) Linares 2015}) 14. Nf4 Qe7 15. d5 {Strongly threatening Bxg7.} Bxc3 16. Qxc3 e5 17. Ne6 $36 {[%mdl 2048] White has good play.} Rc8 (17... Rf7 $11) 18. f4 $16 Nc6 19. fxe5 $1 dxe5 20. e4 Nd4 21. Rae1 {aiming for exf5.} fxe4 (21... f4 $16) 22. Rxe4 $18 Qd6 {intending ...Re8.} 23. Qe3 Nxe6 24. Rf6 $1 (24. dxe6 Qxe6 25. Rxe5 Qd6 $14) 24... Rf8 25. Rxe6 Qd7 26. R4xe5 ({But not} 26. R6xe5 $6 Rf6 $18) 26... b5 27. cxb5 (27. Re7 $18 {and White stays clearly on top.} Qh3 28. Qe2) 27... Qxb5 $16 {[%csl Gf8][%cal Rb5f1]} 28. Qe2 Qb4 $2 (28... Qxe2 $16 29. Rxe2 Rad8) 29. Qd3 (29. Re4 $142 Qc3 30. d6) 29... Qg4 $2 (29... Qd4+ 30. Qxd4 cxd4) 30. d6 $18 {[%cal Bd5d6,Bd6d7][%mdl 32] And now d7 would win.} Rad8 31. Kg2 Rd7 $2 (31... Rf7 32. Qd5 Qd4 33. Qxc5 Qd3) 32. Qd5 $2 (32. Re7 Rxe7 33. Rxe7) 32... Rdf7 {( -> ...Rf2+)} 33. Re7 (33. Qxc5 Qf3+ 34. Kh3 Qf1+ 35. Kh4 {[#]} Rf4+ $3 {[%mdl 512]} 36. Kg5 (36. gxf4 {leads to mate.} Qxf4+ 37. Kh3 Qf3+ 38. Kh4 Rf4+ 39. Kg5 Rg4+ 40. Kh6 Qf8#) 36... R8f5+ 37. Rxf5 Rxf5+ 38. Kh4 g5+ 39. Kg4 h5+ $1 {[%mdl 512]} 40. Kxh5 Qh3+ 41. Kg6 Qh7#) 33... Kg7 $2 (33... Qd4 $18 34. Qe6 Qf2+ 35. Kh3 Kg7) 34. d7 Rxe7 35. Rxe7+ {Precision: White = 61%, Black = 31%.} 1-0

[Event "23rd European Women Club Cup 2018"]
[Site "Halkidiki"]
[Date "2018.10.12"]
[Round "1"]
[White "Pogonina, Natalija"]
[Black "Petraki, Evaggelia"]
[Result "1-0"]
[WhiteElo "2485"]
[BlackElo "1769"]
[Annotator "TA"]
[PlyCount "81"]
[EventDate "2018.10.12"]
[EventType "team-tourn"]
[EventCountry "GRE"]
[SourceTitle "playchess.com"]
[Source "ChessBase"]
[SourceQuality "1"]
[WhiteTeam "Ugra"]
[BlackTeam "Thessaloniki"]

{[%evp 17,81,16,39,24,12,13,91,81,75,78,98,84,81,75,75,76,94,82,78,73,64,70,104,118,114,104,109,97,131,121,185,154,188,166,173,177,162,157,175,172,190,177,218,226,339,340,346,299,397,366,460,441,556,545,548,512,580,577,679,657,1229,1231,1220,1206,2075,2042]} 1. d4 Nf6 2. c4 e6 3. Nf3 d5 4. g3 Be7 5. Bg2 O-O 6. O-O dxc4 7. Qc2 c6 8. Qxc4 b5 9. Qc2 Bb7 10. Rd1 {D30: Queen's Gambit Declined: Systems without Nc3} (10. Bg5 Nbd7 11. Rd1 Qb6 12. Nc3 c5 13. Ne5 Nxe5 14. dxe5 Bxg2 15. Kxg2 Qb7+ 16. Kg1 Nd5 17. Bxe7 Nxe7 18. a4 a6 19. axb5 axb5 20. Rxa8 Rxa8 {½-½ (39) Ponomariov,R (2686)-Hou,Y (2658) Shenzhen 2018}) 10... Qb6 11. a4 {[%cal Ba2a4,Ba4a5][%mdl 32]} Nd5 $146 (11... c5 $11) ({Predecessor:} 11... bxa4 12. Nbd2 c5 13. Rxa4 cxd4 14. Nc4 Qc5 15. b4 Qc8 16. Rxd4 Nbd7 17. Ra1 Bxb4 {1-0 (34) Berezin,O (2445)-Kaliszewski,T (2190) Warsaw 1997}) 12. a5 {White is better.} Qd8 13. e4 Nf6 14. Bg5 Na6 15. Qe2 h6 16. Bf4 Bb4 17. Bd2 Qe7 18. Nc3 {[%cal Bb1c3,Bc3e4,Be4c5][%mdl 32]} Rfd8 19. e5 Nd5 20. Ne4 Ndc7 21. Bxb4 Nxb4 22. Rdc1 Ne8 23. Nc5 a6 (23... Rab8 $16) 24. h4 Qc7 25. h5 Nd5 26. Nd2 Ra7 27. Ndb3 Ba8 28. Rf1 Ne7 29. Rad1 Nf5 30. g4 Nh4 (30... Ne7 $142 31. f4 Bb7) 31. Be4 $18 Qe7 32. Bc2 Nc7 33. Qd3 {[#] Intending Qh7+ and mate.} Qg5 34. Qg3 {White is clearly winning.} Nd5 35. f4 Qe7 36. Rf2 {[%cal Bf1f2,Bf2h2,Bh2h4][%mdl 32]} Rf8 37. Rh2 Nb4 38. Bb1 g5 39. hxg6 fxg6 40. Rxh4 Kg7 41. f5 {Precision: White = 63%, Black = 23%.} 1-0

[Event "23rd European Women Club Cup 2018"]
[Site "Halkidiki"]
[Date "2018.10.12"]
[Round "1"]
[White "Khotenashvili, Bela"]
[Black "Kumanska, Olena"]
[Result "1-0"]
[WhiteElo "2469"]
[BlackElo "2054"]
[Annotator "TA"]
[PlyCount "81"]
[EventDate "2018.10.12"]
[EventType "team-tourn"]
[EventCountry "GRE"]
[SourceTitle "playchess.com"]
[Source "ChessBase"]
[SourceQuality "1"]
[WhiteTeam "Nona"]
[BlackTeam "Beer Sheva"]

{[%evp 23,81,48,77,51,55,46,63,47,66,54,56,47,50,12,45,20,114,78,114,107,101,102,90,105,134,147,210,209,225,215,230,184,238,214,161,153,147,149,241,231,281,272,379,336,685,680,812,741,712,738,686,714,707,704,806,804,1476,1476,1433,1401]} 1. Nf3 Nf6 2. c4 e6 3. g3 b6 4. Bg2 Bb7 5. O-O Be7 6. Nc3 O-O 7. Re1 Ne4 8. Nxe4 Bxe4 9. d3 {[%cal Bd2d3,Bd3d4,Bd4d5][%mdl 32]} Bb7 10. e4 d6 11. d4 c5 12. d5 {A17: English Opening: 1...Nf6 with ...Bb4} e5 {LiveBook: 4 Games} 13. Be3 a6 $146 ({Predecessor:} 13... Bc8 14. a3 Bg4 15. Qb3 Nd7 16. Nd2 Bg5 17. Bxg5 Qxg5 18. Qe3 Qh5 19. h4 Nf6 {1-0 (43) Boger,R (2525)-Kurylo,R (2385) ICCF email 2003}) 14. Qd3 {White is slightly better.} Nd7 15. a3 Qc7 16. Nd2 Rfb8 17. Rec1 Bc8 18. f4 Qd8 19. Rab1 f6 (19... exf4 $11 20. gxf4 (20. Bxf4 g5 $11) 20... Bb7) 20. b4 Nf8 21. Bf3 exf4 22. gxf4 Ng6 23. Kh1 Qd7 24. Rg1 cxb4 (24... f5 $16 25. Bh5 fxe4 26. Qxe4 Bf8) 25. axb4 $18 a5 {[#]} 26. b5 $1 a4 27. Ra1 Bf8 (27... Qe8 {is a better defense.} 28. Ra3 Nh4) 28. Bd1 f5 29. Rxa4 Rxa4 30. Bxa4 Ra8 (30... fxe4 $16 31. Nxe4 (31. Qxe4 Qe7 $16) 31... Qh3) 31. Bc2 fxe4 32. Nxe4 Ra2 33. Ng5 Rxc2 $2 {[#]} (33... Be7 34. Nxh7 Rxc2 35. Qxc2 Qf5 36. Qxf5 Bxf5) 34. Qxc2 {White is clearly winning.} Qe8 35. Qe4 Qxe4+ 36. Nxe4 Bf5 37. Nf2 Be7 38. Bxb6 Nxf4 39. Bd4 g6 40. b6 Bc8 41. Ra1 {Precision: White = 59%, Black = 37%.} 1-0

[Event "23rd European Women Club Cup 2018"]
[Site "Halkidiki"]
[Date "2018.10.12"]
[Round "1"]
[White "Socko, Monika"]
[Black "Santeramo, Alessia"]
[Result "1-0"]
[WhiteElo "2451"]
[BlackElo "2054"]
[Annotator "TA"]
[PlyCount "45"]
[EventDate "2018.10.12"]
[EventType "team-tourn"]
[EventCountry "GRE"]
[SourceTitle "playchess.com"]
[Source "ChessBase"]
[SourceQuality "1"]
[WhiteTeam "Monte-Carlo"]
[BlackTeam "Banca Alpi Marittime"]

{[%evp 9,45,25,34,17,17,10,20,20,22,22,37,28,27,17,21,24,25,25,52,49,68,49,285,296,304,299,293,285,761,752,745,696,1463,1448,1423,1393,1179,1009]} 1. d4 Nf6 2. c4 e6 3. g3 Bb4+ 4. Bd2 Qe7 5. Bg2 Bxd2+ 6. Nxd2 {E00: Catalan Bogo-Indian (3 g3 Bb4+)} (6. Qxd2 d5 7. Nf3 O-O 8. O-O Rd8 9. Qc2 c5 10. cxd5 cxd4 11. Nxd4 Nxd5 12. Rc1 Nb4 13. Qc3 N8c6 14. Nxc6 Nxc6 15. Bxc6 bxc6 16. Nd2 Ba6 17. Qe3 {1-0 (57) Lysyj,I (2630)-Usmanov,V (2477) Yaroslavl 2018}) 6... d6 7. e4 e5 8. Ne2 {The position is equal.} O-O 9. O-O Nbd7 $146 ({Predecessor:} 9... a5 10. d5 Na6 11. Nc3 c6 12. Nb3 cxd5 13. cxd5 Nc7 {0-1 (57) Dolezal,R (2396)-Rydl,J (2413) Czech Republic 2016}) 10. Qc2 a5 11. Rae1 Re8 12. h3 Nf8 13. f4 h5 14. Nf3 {aiming for fxe5.} exd4 15. Nexd4 Ng6 $2 (15... Bd7 $14) 16. e5 $1 $18 {[%cal Re5f6]} dxe5 17. fxe5 Nh7 {[#]} 18. e6 $1 {[%cal Re6f7][%mdl 512]} Nhf8 $2 (18... Bxe6 19. Rxe6 fxe6) 19. exf7+ {White is clearly winning.} Qxf7 20. Ng5 Qd7 21. Bd5+ Kh8 22. Rxe8 Qxe8 {[#]} 23. Rxf8+ $1 {[%mdl 512] Precision: White = 64%, Black = 42%.} 1-0

[Event "23rd European Women Club Cup 2018"]
[Site "Halkidiki"]
[Date "2018.10.12"]
[Round "1"]
[White "Mammadzada, Gunay"]
[Black "Injac, Teodora"]
[Result "1/2-1/2"]
[WhiteElo "2438"]
[BlackElo "2258"]
[Annotator "TA"]
[PlyCount "105"]
[EventDate "2018.10.12"]
[EventType "team-tourn"]
[EventCountry "GRE"]
[SourceTitle "playchess.com"]
[Source "ChessBase"]
[SourceQuality "1"]
[WhiteTeam "Odlar Yurdu"]
[BlackTeam "Maribor"]

{[%evp 13,105,16,16,0,22,11,14,26,27,18,33,31,30,38,48,16,18,9,66,69,72,17,56,13,14,14,4,0,19,7,17,13,51,24,24,7,0,0,0,0,0,0,0,0,0,0,-7,-11,0,-31,-22,-31,-20,-77,-59,-68,-29,-136,0,-51,-48,-250,-269,-406,-250,-281,-283,-608,-59,-51,-8,-131,-8,-8,-8,-16,-8,-26,-8,-8,-8,-8,-8,-8,-8,-8,-8,-8,-8,-8,-8,-8,-8,-8]} 1. e4 c5 2. Nf3 d6 3. d4 cxd4 4. Nxd4 Nf6 5. Nc3 a6 6. Be3 e5 7. Nb3 Be7 8. h3 {B90: Sicilian Najdorf: Unusual White 6th moves, 6 Be3 Ng4 and 6 Be3 e5} (8. f3 h5 9. Qd2 Be6 10. f4 Qc7 11. f5 Bc4 12. Bg5 Nbd7 13. O-O-O Rc8 14. Bxc4 Qxc4 15. Kb1 h4 16. Qe1 Rh5 17. Bxh4 Nxe4 18. Nxe4 Rxh4 {1-0 (50) Wang,H (2710)-Zhao,J (2611) Tianjin 2018}) 8... Be6 9. f4 Nc6 10. f5 Bxb3 11. axb3 d5 12. exd5 Nb4 {[%cal Rb4d5]} 13. g3 Qc7 14. Bg2 Rd8 15. O-O {[#]} Bc5 $146 (15... e4 $11) 16. Bxc5 $14 Qxc5+ 17. Kh1 (17. Rf2 $16) 17... O-O {[%cal Rf6d5]} 18. Qe2 Nbxd5 19. Nxd5 Nxd5 20. Rfe1 Nb4 21. f6 {And now Qh5 would win.} g6 22. c3 Nc6 (22... Nd3 $5 {[%cal Rd3e1]}) 23. Rad1 a5 24. Kh2 Rfe8 25. Rxd8 Rxd8 26. Rd1 h6 27. Rxd8+ Nxd8 28. Qd2 Qb6 29. Qxh6 {[%csl Gf6][%cal Rh6g7] [#]} (29. Qd5 {keeps more tension.} Qxf6 30. Qxa5 Qd6 31. Qa3 Qc7 32. b4) 29... Qxf6 30. h4 b6 31. Qd2 Kg7 32. Qd5 Ne6 33. Qd6 (33. Qb5 $11) 33... Nc5 $17 34. Qd5 Qe6 (34... g5 {feels hotter.} 35. hxg5 Qxg5 36. Bh3 Qe3 37. Bf1 Qf2+) 35. Qxe6 (35. Qd8 $1 $11 {remains equal.}) 35... fxe6 $11 {[%mdl 4096] Endgame KB-KN} (35... Nxe6 $17 36. Bd5 Nc5) 36. Bf1 (36. b4 $11 Nd3 37. bxa5 bxa5 38. b3) 36... Nxb3 $15 37. Bc4 $2 {[#]} ({White should play} 37. Kg2 $15) 37... Nc5 $1 $19 38. Kg2 (38. Bb5 $142 e4 39. Kg2) 38... Kf6 39. Bb5 e4 40. Kf2 $2 (40. g4 Nd3 41. b3) 40... Ke5 $2 ({Black should try} 40... Nd3+ $19 41. Bxd3 exd3) 41. Ke3 $15 Kf5 (41... Nd3 $5 42. b3 Nc5 $15) 42. Be8 (42. Bc6 $1 $11 {keeps the balance.}) 42... Nb7 (42... Nd3 $17 43. b3 Ne5) 43. g4+ $11 Kxg4 {...Kh5 is the strong threat.} 44. Bxg6 Kxh4 {Strongly threatening ...Nd6.} 45. Bf7 e5 {Threatens to win with ...Nd6.} (45... Nd8 {is more complex.} 46. Be8 Kg5 47. Kxe4 Kf6 48. Ba4 Nb7) 46. Kxe4 {The position is equal.} Nd6+ 47. Kxe5 Nxf7+ {KN-KPP} 48. Kd5 a4 49. Kc6 Ne5+ 50. Kxb6 Nc4+ 51. Kb5 Nxb2 {aiming for ...a3.} 52. Kb4 Kg4 53. Ka3 {Precision: White = 38%, Black = 37%.} 1/2-1/2

[Event "23rd European Women Club Cup 2018"]
[Site "Halkidiki"]
[Date "2018.10.12"]
[Round "1"]
[White "Bodnaruk, Anastasia"]
[Black "Gunina, Valentina"]
[Result "1/2-1/2"]
[WhiteElo "2423"]
[BlackElo "2525"]
[Annotator "TA"]
[PlyCount "80"]
[EventDate "2018.10.12"]
[EventType "team-tourn"]
[EventCountry "GRE"]
[SourceTitle "playchess.com"]
[Source "ChessBase"]
[SourceQuality "1"]
[WhiteTeam "SSHOR"]
[BlackTeam "Pentole Agnelli"]

{[%evp 9,80,29,32,36,44,34,31,37,35,28,58,25,31,-3,31,-29,0,0,0,-59,21,22,143,70,106,110,112,92,270,260,495,337,632,543,775,773,769,769,718,725,882,865,827,772,1136,1119,2463,2418,2338,2265,1537,0,1286,0,1407,1353,1282,585,1109,0,1057,0,866,0,904,97,88,0,0,0,0,0,0]} 1. e4 c6 2. d4 d5 3. e5 Bf5 4. h4 a6 (4... h5 5. c4 e6 6. Nc3 Ne7 7. Nge2 Bg4 8. Bg5 Qb6 9. c5 Qc7 10. f3 Bf5 11. Ng3 f6 12. Bf4 Nd7 13. exf6 Qxf4 14. Nce2 Qh6 15. fxe7 Bxe7 16. Nxf5 exf5 {½-½ (27) Sutovsky,E (2647)-Artemiev,V (2704) Poikovsky 2018}) 5. h5 h6 6. g4 {B12: Caro-Kann: Advance Variation} Bd7 7. f4 $146 ({Predecessor:} 7. Nc3 e6 8. Be3 c5 9. dxc5 Qc7 10. f4 Bxc5 11. Bxc5 Qxc5 12. Qd2 {½-½ (120) Muzychuk,A (2555)-Girya,O (2442) Batumi 2016}) 7... c5 8. c3 {White is slightly better.} e6 9. Nf3 Qb6 10. Kf2 Nc6 11. Kg3 O-O-O 12. Rh2 (12. dxc5 $14 Bxc5 13. b4) 12... g6 13. hxg6 fxg6 14. Qd3 (14. Ng5 $11) 14... cxd4 ({Better is} 14... Nge7 $15) 15. cxd4 $11 g5 (15... Nge7 $11) 16. Nxg5 (16. fxg5 $16 Bg7 17. Qg6 Nxd4 18. Qxg7 Nxf3 19. Rf2 (19. Kxf3 Qg1 $11)) 16... Nge7 17. Nf7 Rg8 18. Kh3 $36 {[%mdl 2048] White has strong initiative.} Nxd4 $2 (18... Re8 $16 {was worth a try.}) 19. Be3 $1 $18 {[%cal Re3d4]} (19. Nxd8 h5 $16) 19... Nef5 $2 (19... Bb5 {is a better defense.} 20. Qc3+ (20. Bxd4 Bxd3 21. Bxb6 Bxf1+ 22. Kg3 Rd7 $16) 20... Nec6 21. Bxb5 Qxb5) 20. gxf5 Bb5 $2 (20... Bc5) 21. Rc2+ ({Not} 21. Bxd4 Bxd3 22. Bxb6 Bxf5+ 23. Kh4 Be7+ 24. Ng5 (24. Kh5 $2 Rg3 $19) 24... hxg5+ 25. Kg3 gxf4+ 26. Kf2 Rh8 $14) 21... Nxc2 22. Qxc2+ Bc5 23. Bxb5 d4 24. Nxd8 Kxd8 25. Ba4 Qc7 26. f6 Qf7 27. Kh4 dxe3 28. Qxc5 {White threatens Na3 and mate.} Rg1 29. Qd6+ Kc8 30. Qc5+ $2 (30. Nc3 $18 Rxa1 31. Bd1) 30... Kb8 $2 {[%mdl 8192] [#]} (30... Kd8 $11 31. Bc6 bxc6 32. Qb6+ Kc8 33. Qxc6+ Kb8 34. Qb6+ Kc8 35. Qxa6+ Kb8 36. Qd6+ Kc8 37. Qc6+ Kb8 38. Qb5+ Kc7 39. Qc5+ Kb8 40. Qb6+ Kc8 41. Qc6+ Kb8 42. Qb6+ Kc8 43. Qc5+ Kb8 44. Qb6+) 31. Qd6+ $2 ({White has to play} 31. Nc3 $1 $18 Rxa1 32. Qd6+ Ka7 33. Bd1) 31... Ka7 $2 {[%mdl 8192]} (31... Kc8 $11 32. Bc6 bxc6) 32. Qd4+ Ka8 33. Qd8+ Ka7 {White must now prevent ...Rh1+.} 34. Qd4+ Ka8 $1 {( -> ...Rh1+)} 35. Qd8+ Ka7 {aiming for ...Rh1+.} 36. Qe8 $2 (36. Nc3 $18 Rxa1 37. Bd1) 36... Qc7 $2 {[%mdl 8192]} (36... Qh7 $11 37. Nc3 Rxa1) 37. f7 $2 (37. Nc3 $18 {has better winning chances.} Rxa1 38. Qxe6 Rh1+ 39. Kg4) 37... Rh1+ $16 {[#]} 38. Kg4 (38. Kg3 $1 $16 e2 39. Nc3 Rxa1 40. Nxe2) 38... Qc4 $1 $11 {[%cal Rc4e2] The position is equal.} 39. Nc3 (39. f8=Q $2 {gets mated.} Qe2+ 40. Kg3 Qf2+ 41. Kg4 Rh4#) 39... Rh4+ $1 40. Kxh4 Qxf4+ {Precision: White = 56%, Black = 18%.} 1/2-1/2

[Event "23rd European Women Club Cup 2018"]
[Site "Halkidiki"]
[Date "2018.10.12"]
[Round "1"]
[White "Skripchenko, Almira"]
[Black "Andolfatto, Maria"]
[Result "1/2-1/2"]
[WhiteElo "2414"]
[BlackElo "2068"]
[Annotator "TA"]
[PlyCount "100"]
[EventDate "2018.10.12"]
[EventType "team-tourn"]
[EventCountry "GRE"]
[SourceTitle "playchess.com"]
[Source "ChessBase"]
[SourceQuality "1"]
[WhiteTeam "Monte-Carlo"]
[BlackTeam "Banca Alpi Marittime"]

{[%evp 14,100,4,-12,16,12,16,13,9,1,10,-4,0,-7,0,-10,6,-4,9,11,8,8,9,-33,7,0,0,0,9,-71,-31,-162,-164,-167,-177,-175,-163,-158,-153,-155,-140,-133,-137,-221,-219,-231,-227,-218,-219,-225,-205,-202,-199,-229,-225,-210,-178,-162,-100,-178,-178,-178,-178,-285,-178,-166,-166,-143,0,0,0,0,0,0,0,0,0,0,0,0,0,0,0,0,0,0,0,0,0]} 1. Nf3 d5 2. g3 e6 3. Bg2 Nf6 4. O-O Be7 5. c4 O-O 6. b3 b6 7. Bb2 Bb7 8. Qc2 Nbd7 {A14: English Opening: 1...e6 with b3 by White} (8... h6 9. d4 Nbd7 10. cxd5 exd5 11. Nc3 a6 12. Rac1 Bd6 13. Nh4 g6 14. Nxg6 fxg6 15. Qxg6+ Kh8 16. Qxh6+ {1-0 (41) Krylov,M (2476)-Usmanov,V (2463) Sochi 2017}) 9. d3 c5 10. e3 Rc8 11. Nbd2 Qc7 12. Rac1 Rfd8 13. a3 a6 $146 ({Predecessor:} 13... Qb8 14. Qb1 Ne8 15. Rfd1 h6 16. Bc3 Bf6 17. cxd5 Bxd5 18. Bxf6 Nexf6 {1-0 (39) Petran,P (2336)-Kral,P (2225) Slovakia 2001}) 14. Qb1 Qb8 15. Qa1 b5 16. cxd5 Bxd5 17. Rfe1 Qa8 18. h3 Ne8 19. Qb1 Bf6 20. Bxf6 Nexf6 21. d4 (21. e4 $11 Bb7 22. Rc3) 21... Ne4 (21... h6 {with more complications.} 22. e4 Bb7 23. a4 cxd4 24. Rxc8 Qxc8 25. axb5 axb5 26. e5 Nh7) 22. Bf1 (22. Nxe4 $15 Bxe4 23. Ng5 Bxb1 24. Bxa8) 22... cxd4 $19 23. exd4 {[#] Black must now prevent Rxc8.} Nxg3 $1 {[%mdl 512]} 24. fxg3 Bxf3 25. Nxf3 Qxf3 26. Qd3 Qxd3 27. Bxd3 Nb6 28. Be4 (28. a4 $17 {is a better defense.}) 28... Rxd4 {Threatens to win with ...Rxc1.} 29. Rxc8+ Nxc8 {[%mdl 4096] Endgame KRB-KRN} 30. Bb7 Nd6 31. Bxa6 Kf8 32. Kf2 Ke7 33. Re5 Rd3 34. Re3 Rxe3 35. Kxe3 {[#] KB-KN} Kd7 (35... e5 $1 $19 36. a4 Kd7 37. axb5 Kc7 38. b6+ Kxb6) 36. a4 (36. Kd4 $17) 36... Kc6 37. axb5+ Nxb5 38. b4 (38. g4 $142) 38... Nc7 39. Bd3 h6 40. Kd4 Nd5 (40... Kd6 $17 {Hoping for ...Nd5.} 41. Kc4 f5) 41. Be4 $1 $11 {The position is equal.} Kb5 42. Bxd5 exd5 43. Kxd5 Kxb4 {K3P-KPP} 44. Kd6 Kc4 45. Ke7 f5 46. Ke6 $1 {[%cal Re6f5]} Kd4 47. Kxf5 Ke3 $1 48. Kg6 Kf3 49. Kxg7 {aiming for g4.} Kxg3 {( -> ...h5)} 50. Kxh6 Kxh3 {Precision: White = 54%, Black = 64%.} 1/2-1/2

[Event "23rd European Women Club Cup 2018"]
[Site "Halkidiki"]
[Date "2018.10.12"]
[Round "1"]
[White "Zhukova, Natalia"]
[Black "Haussernot, Cecile"]
[Result "1/2-1/2"]
[WhiteElo "2403"]
[BlackElo "2204"]
[Annotator "NA"]
[PlyCount "70"]
[EventDate "2018.10.12"]
[EventType "team-tourn"]
[EventCountry "GRE"]
[SourceTitle "playchess.com"]
[Source "ChessBase"]
[SourceQuality "1"]
[WhiteTeam "Kyiv"]
[BlackTeam "Mulhouse"]
[TimeControl "40/5400+30:1800+30"]

1. d4 {[%emt 0:00:00]} d5 {[%emt 0:00:00]} 2. c4 {[%emt 0:00:00]} c6 {[%emt 0:00:00]} 3. Nf3 {[%emt 0:00:00]} Nf6 {[%emt 0:00:20]} 4. Nc3 {[%emt 0:00:12]} e6 {[%emt 0:01:26]} 5. e3 {[%emt 0:00:31]} Nbd7 {[%emt 0:00:34]} 6. Bd3 {[%emt 0:00:18]} Bd6 {[%emt 0:00:35]} 7. e4 {[%emt 0:00:45]} dxc4 {[%emt 0:09:15]} 8. Bxc4 {[%emt 0:00:09]} b5 {[%emt 0:06:00]} 9. e5 {[%emt 0:18:56]} bxc4 {[%emt 0:00:49]} 10. exd6 {[%emt 0:00:07]} Nb6 {[%emt 0:02:43]} 11. Bf4 {[%emt 0:06:10]} Nh5 {[%emt 0:10:05]} 12. Be5 {[%emt 0:01:43]} f6 {[%emt 0:00:20]} 13. g4 {[%emt 0:00:58]} fxe5 {[%emt 0:00:26]} 14. gxh5 {[%emt 0:00:07]} O-O {[%emt 0:07:03]} 15. Nxe5 {[%emt 0:16:06]} Qxd6 {[%emt 0:01:10]} 16. Qg4 {[%emt 0:06:24]} Rb8 {[%emt 0:06:34]} 17. Rg1 {[%emt 0:08:10]} Rb7 {[%emt 0:02:07]} 18. h6 {[%emt 0:09:41]} g6 {[%emt 0:01:10]} 19. a3 {[%emt 0:13:35]} c5 {[%emt 0:04:45]} 20. O-O-O {[%emt 0:04:58]} Nd5 {[%emt 0:00:49]} 21. Ne4 {[%emt 0:03:19]} Qb6 {[%emt 0:06:35]} 22. Nxc4 {[%emt 0:00:06]} Qb3 {[%emt 0:01:07]} 23. Qe2 {[%emt 0:01:10]} Qa2 {[%emt 0:19:57]} 24. dxc5 {[%emt 0:02:44]} Nf4 {[%emt 0:06:52]} 25. Qc2 {[%emt 0:00:14]} e5 {[%emt 0:00:33]} 26. Ncd6 {[%emt 0:04:17]} Ne2+ {[%emt 0:01:16]} 27. Qxe2 {[%emt 0:00:25]} Qa1+ {[%emt 0:00:04]} 28. Kd2 {[%emt 0:00:16]} Rxb2+ {[%emt 0:00:09]} 29. Ke1 {[%emt 0:00:56]} Rxe2+ {[%emt 0:00:06]} 30. Kxe2 {[%emt 0:00:03]} Ba6+ {[%emt 0:00:12]} 31. Ke1 {[%emt 0:00:34]} Qb2 {[%emt 0:03:22]} 32. Rd2 {[%emt 0:00:08]} Qc1+ {[%emt 0:03:41]} 33. Rd1 {[%emt 0:00:02]} Qb2 {[%emt 0:02:46]} 34. Rd2 {[%emt 0:00:01]} Qc1+ {[%emt 0:00:04]} 35. Rd1 {[%emt 0:00:16]} Qb2 {[%emt 0:00:17]} 1/2-1/2